Buts en Or (Coupes du Monde et Championnats d'Europe) - Statistiques

Statistiques générales
  • Ce quiz a été pris 89 fois
  • Le résultat moyen est 6 sur 7
Statistiques - réponses
Hint Extra Hint Réponse % Correct
Euro 2000 Finale France - Italie (103ème) David Trezeguet
95%
Coupe du Monde 2002 Huitième de finale Corée du Sud - Italie (117ème) Ahn Jung-hwan
84%
Coupe du Monde 2002 Quart de finale Turquie - Sénégal (94 ème) İlhan Mansız
82%
Coupe du Monde 1998 Huitième de finale France - Paraguay (114ème) Laurent Blanc
80%
Euro 1996 Finale Allemagne - République Tchèque (95ème) Oliver Bierhoff
79%
Euro 2000 Demi-finale France - Portugal (117ème p) Zinedine Zidane
78%
Coupe du Monde 2002 Huitième de finale Sénégal - Suède (104ème) Henri Camara
75%
Aucun quiz correspondant
Distribution des résultats
% des personnes avec chaque résultat
Percentile par nombre de réponses
Votre historique - résultats
Vous n’avez pas pris ce quiz